000 00455nam a2200169Ia 4500
008 230917s9999||||xx |||||||||||||| ||und||
020 _cRS1495
040 _e219457
_aMAIN
041 _aEnglish
082 _a320.90954 S42B
100 _aShekhawat,Dileep Singh
245 0 _aBharatiya rajnitik vicharak
260 _aJaipur
_bSagar Publications
_c2013
300 _a250 p.
500 _a1656 05/11/2014 HBD15/6173 20/12/2014 Main Budget
942 _cBK
999 _c12332
_d12332